[Event "4NCL 3 South pool B"]
[Site "Maidenhead, ENG"]
[Date "2019.11.09"]
[Round "1.53"]
[White "Homer, Stephen J"]
[Black "Calvert, D Ian"]
[Result "1/2-1/2"]
[WhiteElo "2010"]
[BlackElo "1950"]
[PlyCount "90"]
[EventDate "2019.11.09"]
[WhiteTeam "West is Best 2"]
[BlackTeam "Iceni 1"]

1. e4 d5 2. exd5 Qxd5 3. Nc3 Qd6 4. d4 Nf6 5. Nf3 a6 6. g3 Bg4 7. h3 Bh5 8. Bg2
Nc6 9. O-O O-O-O 10. Bf4 Qb4 11. g4 Bg6 12. Qc1 Nxd4 13. Nxd4 Rxd4 14. a3 Qc4
15. Be5 Rd8 16. Qe3 e6 17. Qa7 Nd5 18. Qa8+ Kd7 19. Qxb7 Qc6 20. Qxc6+ Kxc6 21.
Nxd5 exd5 22. c4 Kb7 23. cxd5 f6 24. Bg3 Bd6 25. Bxd6 cxd6 26. Rfe1 Rhe8 27. f4
Rxe1+ 28. Rxe1 Re8 29. Re6 Kc7 30. Kf2 Bf7 31. Rxe8 Bxe8 32. Ke3 g5 33. Be4 h6
34. fxg5 fxg5 35. Bd3 Kb6 36. Kd4 a5 37. Bf1 Bd7 38. b3 Be8 39. Bd3 Bf7 40. Bf5
Be8 41. a4 Bf7 42. Kc4 Be8 43. Bh7 Bf7 44. Kd4 Be8 45. Bf5 Bf7 1/2-1/2

[Event "4NCL 3 South pool B"]
[Site "Maidenhead, ENG"]
[Date "2019.11.09"]
[Round "1.54"]
[White "Gibbs, Dominic V"]
[Black "Davies, Matthew"]
[Result "1-0"]
[WhiteElo "1930"]
[BlackElo "1932"]
[PlyCount "71"]
[EventDate "2019.11.09"]
[WhiteTeam "Iceni 1"]
[BlackTeam "West is Best 2"]

1. e4 e6 2. d4 d5 3. Nd2 Nf6 4. e5 Nfd7 5. Ngf3 c5 6. c3 Nc6 7. Bd3 cxd4 8.
cxd4 Qb6 9. O-O Be7 10. Nb3 a5 11. a4 Nb4 12. Bb1 Qd8 13. Be3 b6 14. Qd2 Ba6
15. Rd1 O-O 16. Ng5 g6 17. h4 Re8 18. h5 Nf8 19. Nf3 Rc8 20. Nc1 Qd7 21. Ne2
Rc7 22. Nc3 Rec8 23. Bh6 Qe8 24. Nh2 Nd7 25. Qe3 Bf8 26. Bg5 Be7 27. Bf4 Bf8
28. Ng4 Bg7 29. Nh6+ Kh8 30. Qh3 Nf8 31. Ra3 Nc6 32. Bg5 Bxh6 33. Bxh6 Ne7 34.
Bg5 Ng8 35. Qh4 Kg7 36. h6+ 1-0

[Event "4NCL 3 South pool B"]
[Site "Maidenhead, ENG"]
[Date "2019.11.09"]
[Round "1.55"]
[White "Jukes, Sam"]
[Black "Sagues, Vincent"]
[Result "1/2-1/2"]
[WhiteElo "1897"]
[BlackElo "1964"]
[PlyCount "46"]
[EventDate "2019.11.09"]
[WhiteTeam "West is Best 2"]
[BlackTeam "Iceni 1"]

1. e4 d5 2. exd5 Qxd5 3. Nc3 Qd8 4. d4 Nf6 5. Nf3 Bg4 6. Be2 e6 7. O-O Be7 8.
h3 Bxf3 9. Bxf3 c6 10. Be3 O-O 11. Qe2 Nbd7 12. Rad1 Qc7 13. Rfe1 Nb6 14. a3
Nbd5 15. Nxd5 cxd5 16. Rd3 Rfc8 17. Rb3 b6 18. Rc3 Qd7 19. Rxc8+ Rxc8 20. Bf4
Qc6 21. c4 Qd7 22. Rc1 dxc4 23. Rxc4 Rxc4 1/2-1/2

[Event "4NCL 3 South pool B"]
[Site "Maidenhead, ENG"]
[Date "2019.11.09"]
[Round "1.56"]
[White "Ortiz Sanchez, Luis"]
[Black "Fowler, Hugo"]
[Result "1-0"]
[WhiteElo "1942"]
[BlackElo "1863"]
[PlyCount "39"]
[EventDate "2019.11.09"]
[WhiteTeam "Iceni 1"]
[BlackTeam "West is Best 2"]

1. e4 e5 2. Nf3 Nc6 3. d4 exd4 4. Nxd4 Bc5 5. Nb3 Bb6 6. Nc3 d6 7. Qe2 Be6 8.
Be3 Nf6 9. f3 Qe7 10. O-O-O O-O-O 11. Bxb6 axb6 12. Qb5 Ne5 13. Qa4 Kb8 14. Nd4
Bd7 15. Ncb5 Nc6 16. Nxc6+ Bxc6 17. Qa7+ Kc8 18. Nd4 Kd7 19. g3 Ra8 20. Bh3+
1-0

[Event "4NCL 3 South pool B"]
[Site "Maidenhead, ENG"]
[Date "2019.11.09"]
[Round "1.62"]
[White "Mogilarov, Dimitar"]
[Black "Nicholas, Koichi B"]
[Result "1-0"]
[WhiteElo "2100"]
[BlackElo "2084"]
[PlyCount "65"]
[EventDate "2019.11.09"]
[WhiteTeam "Fermented Sharks"]
[BlackTeam "Oxford 2"]

1. e4 e5 2. Nf3 Nc6 3. d4 exd4 4. Bc4 Nf6 5. e5 d5 6. Bb5 Ne4 7. Nxd4 Bd7 8.
Bxc6 bxc6 9. O-O Bc5 10. f3 Ng5 11. f4 Ne4 12. Be3 O-O 13. Nd2 Nxd2 14. Qxd2
Re8 15. Nb3 Bb6 16. Nc5 f6 17. Qc3 fxe5 18. fxe5 Qe7 19. b4 Qxe5 20. Rf8+ Rxf8
21. Qxe5 Rae8 22. Qg3 a5 23. bxa5 Ba7 24. Bd4 Rf7 25. Rf1 Bf5 26. Rxf5 Bxc5 27.
Bxc5 Rxf5 28. a6 Rb8 29. h3 Rb1+ 30. Kh2 Rff1 31. Qxc7 h5 32. a7 h4 33. Qd8+
1-0

[Event "4NCL 3 South pool B"]
[Site "Maidenhead, ENG"]
[Date "2019.11.09"]
[Round "1.63"]
[White "Cont, Arya"]
[Black "Okhai, Shabir"]
[Result "1-0"]
[WhiteElo "2032"]
[BlackElo "2159"]
[PlyCount "119"]
[EventDate "2019.11.09"]
[WhiteTeam "Oxford 2"]
[BlackTeam "Fermented Sharks"]

1. b3 e5 2. Bb2 Nc6 3. e3 a6 4. Nf3 f6 5. d4 e4 6. Nh4 Nh6 7. d5 Nb8 8. Qh5+
Nf7 9. Qg4 Ng5 10. d6 Bxd6 11. Nf5 Bb4+ 12. c3 Bf8 13. h4 Ne6 14. Qxe4 d5 15.
Qc2 Nc6 16. Bd3 Ne5 17. Be2 Nc5 18. Nd2 Be6 19. b4 Ncd7 20. Nd4 Bf7 21. f4 Ng6
22. h5 Ne7 23. N2b3 c6 24. O-O-O Qb6 25. Bg4 Ng8 26. e4 O-O-O 27. e5 Nh6 28.
Bh3 Re8 29. e6 Bxe6 30. Nxe6 Rxe6 31. Bxe6 Qe3+ 32. Qd2 Qxe6 33. Rhe1 Qf7 34.
Na5 Nf5 35. g4 Nd6 36. Qe3 f5 37. g5 Ne4 38. a3 Bd6 39. c4 dxc4 40. g6 hxg6 41.
hxg6 Qe7 42. Nxc4 Bc7 43. Nd2 Rh4 44. Nxe4 fxe4 45. Qxe4 Bxf4+ 46. Kb1 Qd8 47.
Qe6 Bh6 48. Rd3 Rh2 49. Red1 Rxb2+ 50. Kxb2 Qf6+ 51. Qxf6 Nxf6 52. Rd8+ Kc7 53.
Rh8 Bf4 54. Re1 Nd5 55. Rh7 Bd2 56. Rxg7+ Kd6 57. Rc1 Bxc1+ 58. Kxc1 Ne7 59.
Rh7 Nxg6 60. Rh6 1-0

[Event "4NCL 3 South pool B"]
[Site "Maidenhead, ENG"]
[Date "2019.11.09"]
[Round "1.64"]
[White "Agnew, Alan"]
[Black "Nataraj, Nakul"]
[Result "1/2-1/2"]
[WhiteElo "2052"]
[BlackElo "2072"]
[PlyCount "97"]
[EventDate "2019.11.09"]
[WhiteTeam "Fermented Sharks"]
[BlackTeam "Oxford 2"]

1. d4 Nf6 2. c4 g6 3. Nc3 Bg7 4. e4 d6 5. Nf3 O-O 6. Be2 e5 7. O-O Nc6 8. d5
Ne7 9. Ne1 Ne8 10. Nd3 f5 11. Bd2 Nf6 12. f3 f4 13. c5 g5 14. cxd6 cxd6 15. Rc1
h5 16. Nf2 Ng6 17. Nb5 Rf7 18. Qc2 g4 19. Nc7 Rb8 20. Ne6 Qb6 21. Qb3 Qxb3 22.
axb3 gxf3 23. gxf3 Re7 24. Bb4 Ne8 25. Bb5 Bxe6 26. dxe6 Nf8 27. Bxe8 Rbxe8 28.
Rfd1 Rxe6 29. Kf1 Kf7 30. Bxd6 Rd8 31. Rc7+ Rd7 32. Bxe5 Rxc7 33. Bxc7 Bxb2 34.
Nd3 Bf6 35. Bxf4 Rb6 36. b4 Rc6 37. Rc1 Rxc1+ 38. Bxc1 Ne6 39. Be3 b6 40. Ke2
Bc3 41. Kd1 a5 42. Bxb6 axb4 43. Ba5 Nd4 44. Bxb4 Bxb4 45. Nxb4 Nxf3 46. Nd5
Nxh2 47. Nf4 Ng4 48. Nxh5 Nf2+ 49. Ke2 1/2-1/2

[Event "4NCL 3 South pool B"]
[Site "Maidenhead, ENG"]
[Date "2019.11.09"]
[Round "1.65"]
[White "Cole, James"]
[Black "Niccoli, Tony"]
[Result "1-0"]
[WhiteElo "2042"]
[BlackElo "2040"]
[PlyCount "65"]
[EventDate "2019.11.09"]
[WhiteTeam "Oxford 2"]
[BlackTeam "Fermented Sharks"]

1. e4 e5 2. Nf3 Nc6 3. Bc4 Bc5 4. c3 Nf6 5. d3 a6 6. Bb3 d6 7. Nbd2 Ba7 8. h3
h6 9. Nf1 O-O 10. Ng3 Ne7 11. O-O Ng6 12. d4 Re8 13. Bc2 Bd7 14. Re1 Qc8 15.
Nf5 Kh7 16. g4 exd4 17. cxd4 Bc6 18. e5 dxe5 19. Nxe5 Qe6 20. Bxh6 Qd5 21. Nxc6
Rxe1+ 22. Qxe1 Qxc6 23. Rc1 Re8 24. Qd2 Qf3 25. Bxg7 Nxg4 26. hxg4 Qxg4+ 27.
Kh2 c6 28. Qh6+ Kg8 29. Be5 Nxe5 30. dxe5 Bxf2 31. Ne7+ Rxe7 32. Bh7+ Kh8 33.
Bg6+ 1-0

[Event "4NCL 3 South pool B"]
[Site "Maidenhead, ENG"]
[Date "2019.11.09"]
[Round "1.66"]
[White "George, Matthew P"]
[Black "Alizada, Eldar"]
[Result "1-0"]
[WhiteElo "2009"]
[BlackElo "2087"]
[PlyCount "99"]
[EventDate "2019.11.09"]
[WhiteTeam "Fermented Sharks"]
[BlackTeam "Oxford 2"]

1. Nf3 d5 2. e3 Nf6 3. c4 e6 4. Nc3 Be7 5. b3 O-O 6. Bb2 c5 7. cxd5 exd5 8. d4
Nc6 9. Be2 cxd4 10. Nxd4 Bc5 11. Nxc6 bxc6 12. O-O Bd6 13. Rc1 Bd7 14. Qd4 Re8
15. Qh4 Rc8 16. Rfd1 h6 17. Bf3 Be5 18. Na4 Bxb2 19. Nxb2 Qa5 20. Qa4 Qb6 21.
Qf4 Qa5 22. Na4 Ne4 23. Bxe4 Rxe4 24. Qd6 Qc7 25. Qxc7 Rxc7 26. Nc3 Re5 27.
Nxd5 Rb7 28. Nf4 Ra5 29. Rd2 Bf5 30. h4 g5 31. hxg5 hxg5 32. Ne2 Rd7 33. Rxd7
Bxd7 34. Nc3 Kf8 35. Kf1 Ke7 36. Ke2 f5 37. Na4 Rb5 38. Rh1 Kd6 39. Rh6+ Ke5
40. Nb2 Be6 41. f4+ gxf4 42. Nd3+ Kd6 43. Nxf4 Re5 44. Kf3 a5 45. Rxe6+ Rxe6
46. Nxe6 Kxe6 47. Kf4 c5 48. e4 fxe4 49. Kxe4 Kd6 50. g4 1-0

[Event "4NCL 3 South pool B"]
[Site "Maidenhead, ENG"]
[Date "2019.11.09"]
[Round "1.71"]
[White "Stanisz, Patryk"]
[Black "Cooksey, Paul S"]
[Result "0-1"]
[WhiteElo "2139"]
[BlackElo "2291"]
[PlyCount "112"]
[EventDate "2019.11.09"]
[WhiteTeam "Cambridge University 2"]
[BlackTeam "Crowthorne 1"]

1. d4 d5 2. c4 c6 3. Nf3 Nf6 4. Nc3 a6 5. cxd5 cxd5 6. Bf4 Nc6 7. e3 Bg4 8. Rc1
e6 9. Qb3 Bxf3 10. gxf3 Ra7 11. Bg5 Be7 12. Bxf6 Bxf6 13. Bd3 O-O 14. f4 Qd6
15. Ne2 g6 16. Qb6 Rfa8 17. a3 Bd8 18. Qc5 Qd7 19. Qc2 Ne7 20. Ng3 Rc8 21. Qd1
Rxc1 22. Qxc1 b5 23. O-O Nc8 24. Qb1 Nd6 25. b3 Be7 26. Rc1 $11 Ne8 27. Qb2 Ra8
28. Rc2 Bd6 29. Qc1 Kg7 30. Qa1 Qe7 31. a4 bxa4 32. bxa4 a5 33. Qd1 Rb8 34. Qe2
Rb4 35. Bb5 Rb1+ 36. Kg2 Bb4 37. Qd3 Nd6 38. Bc6 Ra1 39. Qa6 h5 40. Qe2 Qf6 41.
Bb5 h4 42. Nf1 Ne4 43. h3 Nc3 44. Qd3 Ra3 45. Be8 Qe7 46. Bc6 Nxa4 47. Qa6 Nc3
48. Nh2 Qf6 49. Nf3 Qf5 50. Rc1 Ra2 51. Be8 Ne4 52. Rf1 Nd6 53. Bd7 Nc4 54.
Nxh4 Nxe3+ 55. Kg1 Qxf4 56. Bxe6 Nxf1 0-1

[Event "4NCL 3 South pool B"]
[Site "Maidenhead, ENG"]
[Date "2019.11.09"]
[Round "1.72"]
[White "Webb, Richard M"]
[Black "Spencer, Carl J"]
[Result "1-0"]
[WhiteElo "2203"]
[BlackElo "2122"]
[PlyCount "75"]
[EventDate "2019.11.09"]
[WhiteTeam "Crowthorne 1"]
[BlackTeam "Cambridge University 2"]

1. Nf3 e6 2. g3 b6 3. Bg2 Bb7 4. O-O c5 5. c4 Nf6 6. Nc3 Be7 7. d4 cxd4 8. Qxd4
Nc6 9. Qf4 d6 10. b3 h6 11. Rd1 O-O 12. Bb2 a6 13. Ne4 Nxe4 14. Qxe4 Qc7 15.
Qg4 e5 16. Nh4 Bc8 17. Nf5 Bg5 18. Qe4 Bxf5 19. Qxf5 Rad8 20. h4 Bf6 21. Be4
Rfe8 22. Rd3 Re6 23. Qh7+ Kf8 24. Rad1 Nb4 25. R3d2 a5 26. Bd5 Nxd5 27. Rxd5
Ke7 28. Ba3 g5 29. h5 e4 30. Qf5 e3 31. f3 Ke8 32. Kg2 Be5 33. R1d3 Qe7 34. Bc1
Rf6 35. Qg4 Qe6 36. Qxe6+ fxe6 37. Rb5 Kd7 38. Rxe5 1-0

[Event "4NCL 3 South pool B"]
[Site "Maidenhead, ENG"]
[Date "2019.11.09"]
[Round "1.73"]
[White "Starley, Robert"]
[Black "Thompson, Ian D"]
[Result "1/2-1/2"]
[WhiteElo "2086"]
[BlackElo "2120"]
[PlyCount "142"]
[EventDate "2019.11.09"]
[WhiteTeam "Cambridge University 2"]
[BlackTeam "Crowthorne 1"]

1. e4 e6 2. d4 d5 3. Nd2 Nf6 4. e5 Nfd7 5. Bd3 c5 6. c3 Nc6 7. Ne2 cxd4 8. cxd4
f6 9. exf6 Qxf6 10. Nf3 h6 11. O-O Bd6 12. Be3 O-O 13. Rc1 Rf7 14. Bb5 Ndb8 15.
Ng3 Bd7 16. Bd3 Be8 17. Nh5 Qe7 18. g3 Nd7 19. Nh4 Nf6 20. Ng6 Qd8 21. Nhf4 e5
22. dxe5 Nxe5 23. Nxe5 Bxe5 24. Bg6 Re7 25. Bxe8 Rxe8 26. Qb3 Bxf4 27. Bxf4 Re7
28. Rfd1 Qe8 29. Be3 Qf7 30. h3 b6 31. Rd2 Rae8 32. Rdc2 Qe6 33. Kh2 Qf5 34.
Bd4 Ne4 35. Be3 Kh8 36. Qd3 Nxg3 37. Qd4 Nf1+ 38. Rxf1 Rxe3 39. fxe3 Qxf1 40.
Qxd5 Qe1 41. Qd7 Qxe3 42. Rc8 Qf2+ 43. Kh1 Rxc8 44. Qxc8+ Kh7 45. Qc3 Kg6 46.
Qe5 Qf1+ 47. Kh2 Qf6 48. Qe4+ Qf5 49. Qg2+ Kf6 50. a3 Qe5+ 51. Kh1 Qf4 52. b4
Qc1+ 53. Kh2 Qc3 54. Qg4 Qe5+ 55. Kh1 Qd5+ 56. Kh2 g5 57. Qh5 Qa2+ 58. Kg1 Qb1+
59. Kg2 Qe4+ 60. Kh2 Kg7 61. Qd1 Qe5+ 62. Kg2 Kf6 63. Qf3+ Kg6 64. Qc6+ Qf6 65.
Qe4+ Kg7 66. Qe8 Qd6 67. Qe2 Kf6 68. Qf3+ Ke6 69. Qg4+ Kf6 70. Qf3+ Ke7 71.
Qe4+ Kf6 1/2-1/2

[Event "4NCL 3 South pool B"]
[Site "Maidenhead, ENG"]
[Date "2019.11.09"]
[Round "1.74"]
[White "Duckers, Harvey L"]
[Black "Rich, Mark C"]
[Result "0-1"]
[WhiteElo "2065"]
[BlackElo "2060"]
[PlyCount "44"]
[EventDate "2019.11.09"]
[WhiteTeam "Crowthorne 1"]
[BlackTeam "Cambridge University 2"]

1. c4 f5 2. Nc3 Nf6 3. d3 e5 4. g3 Nc6 5. Bg2 Be7 6. Nf3 O-O 7. O-O d6 8. a3
Qe8 9. b4 Qh5 10. Nd5 Bd8 11. b5 Ne7 12. Nxe7+ Bxe7 13. d4 e4 14. Ne1 d5 15.
cxd5 Nxd5 16. Nc2 Nc3 17. Qe1 Nxe2+ 18. Kh1 f4 19. gxf4 Bg4 20. Ra2 Bf3 21. Ne3
Nxf4 22. Rg1 Nxg2 0-1

[Event "4NCL 3 South pool B"]
[Site "Maidenhead, ENG"]
[Date "2019.11.09"]
[Round "1.75"]
[White "Gooding, Ian"]
[Black "Coates, Kenneth G"]
[Result "0-1"]
[WhiteElo "1979"]
[BlackElo "2063"]
[PlyCount "56"]
[EventDate "2019.11.09"]
[WhiteTeam "Cambridge University 2"]
[BlackTeam "Crowthorne 1"]

1. e4 d5 2. exd5 Qxd5 3. d4 Nf6 4. Nc3 Qd6 5. Nf3 Bg4 6. Be2 a6 7. Be3 Nc6 8.
Qd2 Rd8 9. Rd1 e6 10. O-O Be7 11. a3 O-O 12. Bf4 Qd7 13. Be5 Bxf3 14. Bxf6 Bxe2
15. Bxe7 Bxd1 16. Bxd8 Rxd8 17. Rxd1 Qxd4 18. Qe2 Qf6 19. h3 h6 20. Rxd8+ Qxd8
21. Ne4 Qd5 22. c3 Ne5 23. b4 Nd3 24. f3 f5 25. Nd2 e5 26. Qe3 Nf4 27. c4 Qd4
28. Kf2 Qxe3+ 0-1

[Event "4NCL 3 South pool B"]
[Site "Maidenhead, ENG"]
[Date "2019.11.09"]
[Round "1.76"]
[White "Purdon, Colin"]
[Black "Chan, Nevil"]
[Result "1/2-1/2"]
[WhiteElo "1993"]
[BlackElo "2027"]
[PlyCount "83"]
[EventDate "2019.11.09"]
[WhiteTeam "Crowthorne 1"]
[BlackTeam "Cambridge University 2"]

1. d4 b6 2. e4 Bb7 3. Bd3 Nf6 4. Qe2 Nc6 5. c3 e5 6. d5 Ne7 7. Nf3 Ng6 8. g3 c6
9. c4 c5 10. h4 h5 11. Nc3 d6 12. Bd2 Be7 13. Ng5 Bc8 14. Bc2 Bd7 15. Ba4 Bxa4
16. Nxa4 Qd7 17. Nc3 Ng4 18. f3 Nh6 19. Qg2 Nf8 20. Qh3 Qxh3 21. Nxh3 f6 22.
Ke2 Nf7 23. a3 Kd7 24. b4 Ng6 25. b5 Nd8 26. a4 Nb7 27. Rhb1 Bd8 28. Kd3 Bc7
29. Ng1 Rag8 30. Nce2 Ne7 31. Nh3 g6 32. Nc1 Nc8 33. Nb3 Rf8 $11 34. Rf1 Ke7
35. f4 Rhg8 36. Rf3 Rf7 37. Raf1 Rgg7 38. Be3 Bd8 39. fxe5 dxe5 40. a5 Ke8 41.
axb6 axb6 42. Ra1 1/2-1/2

[Event "4NCL 3 South pool B"]
[Site "Maidenhead, ENG"]
[Date "2019.11.09"]
[Round "1.81"]
[White "Westrap, Christian F"]
[Black "Tippleston, Charles E"]
[Result "1/2-1/2"]
[WhiteElo "2065"]
[BlackElo "2091"]
[PlyCount "124"]
[EventDate "2019.11.09"]
[WhiteTeam "Wessex B"]
[BlackTeam "MK Phoenix 1"]

1. d4 Nf6 2. c4 e6 3. g3 d5 4. Nf3 dxc4 5. Bg2 Be7 6. O-O O-O 7. Qc2 a6 8. a4
Bd7 9. Qxc4 Bc6 10. Bf4 Bd6 11. Qc1 Bxf4 12. Qxf4 Qd6 13. Qd2 a5 14. Nc3 Ne4
15. Qd3 Nxc3 16. bxc3 Qe7 17. h4 h6 18. e4 Rd8 19. Ne5 Be8 20. Qc4 Na6 21. Nd3
c5 22. d5 exd5 23. exd5 Rab8 24. Rfe1 Qd6 25. Rab1 Bd7 26. Rb2 Bc8 27. Qb5 Bf5
28. Ne5 Re8 29. Rbe2 Nc7 30. Qc4 f6 31. Nd3 Rxe2 32. Rxe2 b6 33. Qf4 Qxf4 34.
Nxf4 Ne8 35. Re7 Kf8 36. Ra7 Bc2 37. Ne6+ Kg8 38. d6 Bb3 39. Re7 Nxd6 40. Rxg7+
Kh8 41. Rd7 Re8 42. Nf4 Re1+ 43. Kh2 Rd1 44. Bc6 Nf7 45. Rxd1 Bxd1 46. Kg2 Ne5
47. Bb5 Kg7 48. Kf1 Bf3 49. Ke1 Kf7 50. Kd2 Ke7 51. Ke3 Kd6 52. Nd3 Bd1 53.
Nxe5 Kxe5 54. f3 f5 55. Bd7 Bc2 56. g4 f4+ 57. Kd2 Bb3 58. Bc6 Bc4 59. Bd7 Bd5
60. Ke2 Bg8 61. Bc6 Bh7 62. Kd2 Bg6 1/2-1/2

[Event "4NCL 3 South pool B"]
[Site "Maidenhead, ENG"]
[Date "2019.11.09"]
[Round "1.82"]
[White "Habershon, Paul F"]
[Black "Anderson, Peter W"]
[Result "1/2-1/2"]
[WhiteElo "2015"]
[BlackElo "1983"]
[PlyCount "96"]
[EventDate "2019.11.09"]
[WhiteTeam "MK Phoenix 1"]
[BlackTeam "Wessex B"]

1. e4 g6 2. d4 Bg7 3. Nf3 d6 4. Be2 Nf6 5. Nc3 O-O 6. O-O e6 7. h3 a6 8. Re1 b5
9. a3 Bb7 10. Bf1 c5 11. Qd3 cxd4 12. Nxd4 Nbd7 13. Nb3 Ne5 14. Qe3 Rc8 15. Nd2
Qc7 16. f4 Nc4 17. Nxc4 bxc4 18. Be2 Bh6 19. g4 Nd7 20. Qg3 d5 21. exd5 exd5
22. Bf3 Rce8 23. Bd2 d4 24. Ne4 Bxe4 25. Bxe4 Nc5 26. Bd5 Ne6 27. Qf3 Nxf4 28.
Bxf4 Bxf4 29. Kg2 Bd2 30. Re2 Re3 31. Rxe3 Bxe3 32. Qf1 c3 33. b3 Qe5 34. Qf3
d3 35. Bc4 Bd2 36. Bxd3 f5 37. Rf1 f4 38. Rf2 a5 39. Qe4 Qxe4+ 40. Bxe4 Kf7 41.
Kf3 Ke6 42. Rf1 Ke5 43. h4 Kd4 44. h5 gxh5 45. gxh5 h6 46. Bg6 Rf6 47. Rf2 Re6
48. Re2 Rxe2 1/2-1/2

[Event "4NCL 3 South pool B"]
[Site "Maidenhead, ENG"]
[Date "2019.11.09"]
[Round "1.83"]
[White "Clark, Ian C"]
[Black "Freeman, Richard C P"]
[Result "1/2-1/2"]
[WhiteElo "1962"]
[BlackElo "2025"]
[PlyCount "50"]
[EventDate "2019.11.09"]
[WhiteTeam "Wessex B"]
[BlackTeam "MK Phoenix 1"]

1. e4 c5 2. Nf3 g6 3. d4 cxd4 4. Nxd4 Bg7 5. Nc3 Nc6 6. Be3 Nf6 7. Be2 O-O 8.
O-O d5 9. exd5 Nxd5 10. Nxd5 Qxd5 11. Bf3 Qc4 12. Nxc6 bxc6 13. c3 Be6 14. b3
Qxc3 15. Rc1 Qa5 16. Bxc6 Rad8 17. Qe2 Bf5 18. Bb5 Rd5 19. Bc4 Rd7 20. Bc5 Rfd8
21. b4 Qa3 22. g4 Rd2 23. Qxe7 Qf3 24. gxf5 Qg4+ 25. Kh1 Qf3+ 1/2-1/2

[Event "4NCL 3 South pool B"]
[Site "Maidenhead, ENG"]
[Date "2019.11.09"]
[Round "1.84"]
[White "Valentine, Brian J"]
[Black "De Coverly, Roger D"]
[Result "0-1"]
[WhiteElo "1958"]
[BlackElo "1958"]
[PlyCount "106"]
[EventDate "2019.11.09"]
[WhiteTeam "MK Phoenix 1"]
[BlackTeam "Wessex B"]

1. e4 e5 2. Nf3 Nc6 3. Bb5 a6 4. Ba4 Nf6 5. O-O Be7 6. Re1 b5 7. Bb3 O-O 8. h3
Bb7 9. d3 d6 10. c3 Na5 11. Bc2 c5 12. Nbd2 Re8 13. Nf1 Bf8 14. Ng3 h6 15. d4
cxd4 16. cxd4 Qc7 17. a4 Nc6 18. d5 Nb4 19. Bb3 bxa4 20. Rxa4 a5 21. Be3 Rec8
22. Qd2 Nd7 23. Raa1 Ba6 24. Rec1 Qd8 25. Rxc8 Rxc8 26. Rc1 Rxc1+ 27. Qxc1 Nd3
28. Qc3 N7c5 29. Bxc5 Nxc5 30. Nd2 g6 31. Bc4 Bc8 32. Nb3 Nxb3 33. Bxb3 Bd7 34.
Bc2 h5 35. Nf1 Bh6 36. Nd2 Qg5 37. Nc4 Qc1+ 38. Kh2 Qf1 39. Kg3 Bf4+ 40. Kf3 g5
41. Ne3 g4+ 42. hxg4 hxg4+ 43. Nxg4 Bxg4+ 44. Kxg4 Qxg2+ 45. Kh4 Qxf2+ 46. Kh3
Qh2+ 47. Kg4 Kg7 48. Kf3 Qh1+ 49. Kf2 Qh2+ 50. Kf3 Qg3+ 51. Ke2 Qg2+ 52. Ke1
Bg3+ 53. Kd1 Qf1+ 0-1

[Event "4NCL 3 South pool B"]
[Site "Maidenhead, ENG"]
[Date "2019.11.09"]
[Round "1.85"]
[White "Weatherlake, John P"]
[Black "Elwin, Adrian G"]
[Result "0-1"]
[WhiteElo "1975"]
[BlackElo "1983"]
[PlyCount "134"]
[EventDate "2019.11.09"]
[WhiteTeam "Wessex B"]
[BlackTeam "MK Phoenix 1"]

1. d4 Nf6 2. Nc3 d5 3. Bf4 c6 4. e3 Bf5 5. f3 h6 6. g4 Bh7 7. h4 e6 8. Bd3 Bxd3
9. Qxd3 Na6 10. Nce2 Bd6 11. c3 Qc7 12. Nh3 O-O-O 13. O-O-O c5 14. Qd2 Qa5 15.
Kb1 c4 16. Nf2 Bxf4 17. Nxf4 Nc7 18. Qc2 Rd6 19. Ne2 Rhd8 20. b4 cxb3 21. axb3
Nb5 22. Kc1 Rc6 23. Kd2 Kb8 24. Nd3 Rdc8 25. Nc5 Qd8 26. Qd3 Nc7 27. Ra1 Nd7
28. b4 Nb6 29. Ke1 Nc4 30. Kf2 b6 31. Na6+ Nxa6 32. Rxa6 b5 33. Ra2 a6 34. Kg3
Qd6+ 35. Kh3 f5 36. Rg1 g5 37. gxf5 exf5 38. Ng3 g4+ 39. Kg2 Qe6 40. Nxf5 Qxf5
41. Qxf5 Nxe3+ 42. Kf2 Nxf5 43. fxg4 Nd6 44. Ke3 Re8+ 45. Kd3 Ne4 46. Rc2 Rf8
47. Ke3 Kb7 48. g5 hxg5 49. hxg5 Rg8 50. Kf4 Rcg6 51. Rh2 Nxc3 52. Rh7+ Kb6 53.
Kf5 Ne4 54. Rc1 Rxg5+ 55. Ke6 R8g6+ 56. Ke7 Rg7+ 57. Rxg7 Rxg7+ 58. Ke6 Rc7 59.
Rg1 Nc3 60. Ra1 Rc4 61. Ra3 Ne2 62. Kxd5 Nxd4 63. Rh3 Nc6 64. Rh6 Rd4+ 65. Ke6
Rxb4 66. Kd7 Rc4 67. Kc8 Rd4 0-1

[Event "4NCL 3 South pool B"]
[Site "Maidenhead, ENG"]
[Date "2019.11.09"]
[Round "1.86"]
[White "Cox, Toby"]
[Black "Pentakota, Rajasekhar"]
[Result "1-0"]
[WhiteElo "1930"]
[BlackElo "1863"]
[PlyCount "71"]
[EventDate "2019.11.09"]
[WhiteTeam "MK Phoenix 1"]
[BlackTeam "Wessex B"]

1. e4 c5 2. d4 e6 3. Nf3 cxd4 4. c3 d3 5. Bxd3 Nc6 6. O-O Qc7 7. c4 Nf6 8. Nc3
a6 9. a3 Be7 10. b4 d6 11. h3 O-O 12. Bb2 b6 13. Rc1 Bb7 14. Nd5 Qd8 15. Nxe7+
Qxe7 16. e5 dxe5 17. Nxe5 Nxe5 18. Bxe5 Rfd8 19. Qc2 h6 20. Rfd1 Nd7 21. Bd6
Qh4 22. Bc7 Qg5 23. f4 Qg3 24. Bxd8 Rxd8 25. Qf2 Qxf2+ 26. Kxf2 Kf8 27. c5 bxc5
28. bxc5 Nb8 29. g3 Rc8 30. Ke3 Nd7 31. Bxa6 Bxa6 32. Rxd7 Ke8 33. Ra7 Rc6 34.
Kd4 Bc8 35. Rb1 f6 36. Rb6 1-0

[Event "4NCL 3 South pool B"]
[Site "Maidenhead, ENG"]
[Date "2019.11.10"]
[Round "2.51"]
[White "Cooksey, Paul S"]
[Black "Jones, Steven A"]
[Result "1-0"]
[WhiteElo "2291"]
[BlackElo "2202"]
[PlyCount "66"]
[EventDate "2019.11.10"]
[WhiteTeam "Crowthorne 1"]
[BlackTeam "West is Best 2"]

1. d4 d5 2. Nf3 Nf6 3. c4 dxc4 4. e3 e6 5. Bxc4 c5 6. O-O a6 7. b3 b6 8. Bb2
Bb7 9. Nc3 cxd4 10. Nxd4 Be7 11. Be2 O-O 12. Bf3 Ra7 13. Rc1 b5 14. Rc2 Qb6 15.
a4 b4 16. Nb1 Ne4 17. Nd2 Nxd2 18. Rxd2 Rd8 $11 19. Qc2 Rc8 20. Qb1 Nd7 21.
Bxb7 Rxb7 22. Nf3 Rbc7 23. Rfd1 Qb7 24. Be5 Nxe5 25. Nxe5 g6 26. Nc4 Kg7 27. h3
Qc6 28. Rd4 Kg8 29. R1d2 Rb7 30. Qd1 Rbb8 31. Rd7 Qc5 32. Qf3 Rd8 33. Qf4 Rxd7
1-0

[Event "4NCL 3 South pool B"]
[Site "Maidenhead, ENG"]
[Date "2019.11.10"]
[Round "2.52"]
[White "Taylor, William J"]
[Black "Webb, Richard M"]
[Result "0-1"]
[WhiteElo "2002"]
[BlackElo "2203"]
[PlyCount "98"]
[EventDate "2019.11.10"]
[WhiteTeam "West is Best 2"]
[BlackTeam "Crowthorne 1"]

1. e4 c5 2. Nf3 d6 3. d4 cxd4 4. Nxd4 Nf6 5. Nc3 g6 6. Be2 Bg7 7. Be3 O-O 8.
Qd2 Nc6 9. O-O-O Ng4 10. Bxg4 Bxg4 11. f3 Be6 12. Nxe6 fxe6 13. Bh6 Qa5 14.
Bxg7 Kxg7 15. h4 h6 16. f4 Rf7 $11 17. g4 Raf8 18. Rdf1 d5 19. exd5 exd5 20.
Qxd5 Qxd5 21. Nxd5 e6 22. Ne3 $11 Rxf4 23. Rxf4 Rxf4 24. Rf1 Rxf1+ 25. Nxf1 Kf6
26. c4 Ke5 27. Kd2 Kf4 28. Ne3 Kg3 29. h5 gxh5 30. gxh5 Kh4 31. Ng2+ Kxh5 32.
Nf4+ Kg4 33. Nxe6 h5 34. Nc5 b6 35. Ne4 Kf3 36. Ng5+ Kg4 37. Ne4 h4 38. Kc3 Kf4
39. Nf2 Kf3 40. Nh3 Kg3 41. Ng5 Ne5 42. b4 Nf3 43. Ne4+ Kg2 44. Kd3 h3 45. Ke3
h2 46. Nf2 Ne5 47. c5 Ng4+ 48. Nxg4 h1=Q 49. c6 Qc1+ 0-1

[Event "4NCL 3 South pool B"]
[Site "Maidenhead, ENG"]
[Date "2019.11.10"]
[Round "2.53"]
[White "Thompson, Ian D"]
[Black "Homer, Stephen J"]
[Result "1-0"]
[WhiteElo "2120"]
[BlackElo "2010"]
[PlyCount "73"]
[EventDate "2019.11.10"]
[WhiteTeam "Crowthorne 1"]
[BlackTeam "West is Best 2"]

1. c4 c5 2. Nc3 Nc6 3. g3 g6 4. Bg2 Bg7 5. e3 e5 6. Nge2 Nge7 7. O-O d6 8. d3
O-O 9. a3 a5 10. Bd2 Bf5 11. Qc2 Rb8 12. Rfd1 b6 13. Rab1 Qc8 14. Ne4 Rd8 15.
b4 cxb4 16. axb4 d5 17. cxd5 Nxd5 18. bxa5 Nxa5 19. Qxc8 Rbxc8 20. Rb5 Bxe4 21.
Bxe4 Nf6 22. Bxa5 bxa5 23. Rxe5 Rc2 24. Bf3 Ra2 25. Rb5 Rc8 26. d4 Bf8 27. d5
Ne8 28. Nd4 Nd6 29. Rbb1 Bg7 30. Nc6 Kf8 31. e4 Re8 32. Rb6 Nc4 33. Ra6 Rc2 34.
d6 Bf6 35. d7 Re6 36. Ra8+ Kg7 37. Nd4 1-0